English intonation practice
Guardat en:
| Autor principal: | |
|---|---|
| Format: | Llibre |
| Idioma: | anglès |
| Publicat: |
Londres
Longmans
1958
|
| Matèries: | |
| Etiquetes: |
Afegir etiqueta
Sense etiquetes, Sigues el primer a etiquetar aquest registre!
|
MARC
| LEADER | 00000nam a2200000 a 4500 | ||
|---|---|---|---|
| 001 | UCZ9461 | ||
| 003 | CL-VaPUC | ||
| 008 | 960308e19580000UK |||||||||||||||||eng|d | ||
| 082 | 0 | 4 | |a 421.52 |b KIN |2 21 |
| 100 | 0 | |a Kingdon, Roger |e author |9 354451 | |
| 245 | 1 | 0 | |a English intonation practice |
| 300 | |a 184 p | ||
| 942 | |c BK | ||
| 945 | |d 19960308 00:00:00 |a mcarcey | ||
| 260 | |a Londres |b Longmans |c 1958 | ||
| 650 | 0 | |a Fonética |9 308371 | |
| 650 | 0 | |a Fonología |9 341074 | |
| 650 | 0 | |a Inglés |9 260023 | |
| 583 | |a last modification |c 19960308 00:00:00 |k Rodrigo Vera | ||
| 999 | |c 244768 |d 244766 | ||
| 952 | |0 0 |1 0 |4 0 |6 421_520000000000000_KIN_1958 |7 0 |8 A |9 258954 |a BIBEDU |b BIBEDU |d 2019-11-19 |i 3174654 |l 1 |o 421.52 KIN 1958 |p 3174654 |r 2023-08-31 |s 2023-08-31 |w 2019-11-19 |y BK |k LIT | ||